000
00258nam a2200097Ia 4500
001
695381
005
20250826161951.0
008
250824s9999 xx 000 0 und d
245
0
_a
KARAGÖZ İLE HACİVAT (ANTİK)
_c
ANONİM
260
_b
ANTİK DÜNYA KLASİKLERİ
999
_c
695381
_d
695381